=LDR 00000nam 2200000 4500 =001 INLIS000000000026229 =005 20130612124701 =008 ***********************************Ind** =035 ##$$0010-061300000026229 =041 ##$$a Ind =082 ##$$a 650 =090 ##$$a 650, Que p =100 ##$$a Queen, Douglas J =245 ##$$a Pedoman membeli =260 ##$$a 1993 $b Jakarta =300 ##$$a x, 196 hlm., 21 cm =650 ##$$a Bisnis =850 ##$$a NBPNMAT